000 00631nam a2200205 i 4500
001 102585
003 ES-MaACL
005 20250722063145.0
007 t|
008 051117s1973 sp ||||1| spa d
100 1 _aMerino, José María,
_d1941-
_9149582
245 1 0 _aCumpleaños lejos de casa /
_cJosé María Merino.
260 _aLeón :
_bInstituto Fray Bernardino de Sahagún,
_c1973.
300 _a142 p. ;
_c20 cm.
490 1 _aProvincia : colección de poesía ;
_v17
830 0 0 _aProvincia (León) ;
_v17
_9236377
852 _aES-MaACL
_jC-52815
_bR.85999
942 _2udc
999 _c102585
_d102585